000 00309nam a22001097a 4500
999 _c15221
_d15221
008 200306b ||||| |||| 00| 0 eng d
245 _aIs corruption endemic?.
260 _aPhilippines;
_bManila Bulletin,
_c©2019.
300 _apage B-3;
_c29.5cm.
650 _aPolitical Corruption.
_942006
942 _2ddc
_cPER